The business of sustainable foresty : case studies

Bibliographic Details
Format: Book
Published: Chicago : John D. & Catherine T. MacArthur Foundation, , 1998.
Subjects:

MARC

LEADER 00000cam a2200000 7i4500
001 0000003426
005 20060317.0
020 0 0 |a 1559636157 
090 0 0 |a 634.92   |b BUS 
245 1 0 |a The business of sustainable foresty :   |b case studies 
260 0 0 |a Chicago :   |b John D. & Catherine T. MacArthur Foundation, ,   |c 1998. 
300 |a p. ;   |c 29cm. 
650 0 0 |a Forest management   |x case studies 
999 |a 0000006194   |b Monograph   |c Open Shelf   |e Default branch